000 00403nam a2200169Ia 4500
999 _c31812
_d31812
003 OSt
005 20250616113701.0
008 250310s9999||||xx |||||||||||||| ||und||
020 _a978-0-099-41802-3
040 _c.
082 _a823
_bP994
100 _95995
_aPuzo, Mario
245 0 _aThe dark arena /
_cMario Puzo
260 _aLondon :
_bArrow books,
_c1992.
300 _a308 p.
942 _cBK
_2ddc